Statistics for Most subscribed youtube channel that starts with each letter

Click here to take the quiz!

General Stats

  • This quiz has been taken 11 times
  • The average score is 9 of 26

Answer Stats

LetterChannelSubscribersCountry% Correct
mMrBeast173mUnited States
89%
pPewDiePie111mSweden
89%
cCocomelon163mUnited States
67%
tT-Series246mIndia
67%
dDude Perfect59.5mUnited States
44%
jJustin Bieber71.6mCanada
44%
rRihanna41.9mBarbados
44%
bBLACKPINK90.3mSouth Korea
33%
wWWE96.2mUnited States
33%
f5(five) Minute Crafts80.1mCyprus
22%
aAaj Tak58mIndia
22%
eEl Reino Infantil58.6mArgentina
22%
gGoldMines87.4mIndia
22%
hHYBE LABELS71.9mSouth Korea
22%
iInfobells-Hindi54.2mIndia
22%
kKids Diana Show112mUkraine/United States
22%
lLike Nastya106mRussia
22%
nNoCopyrightSounds33.4mUnited Kingdom
22%
qQueenOfficial17.1mUnited Kingdom
22%
sSET India159mIndia
22%
uUltra Bollywood36.7mIndia
22%
vVlad and Niki99.3mRussia
22%
xXXXTENTACION39.4mUnited States
22%
yYRF54.8mIndia
22%
zZee Music Company97.1mIndia
22%
oOne Direction38.2mUnited Kingdom
11%

Score Distribution

Percentile by Number Answered

Percent of People with Each Score

Your Score History

You have not taken this quiz